Catalog

Record Details

Catalog Search



Available copies

  • 1 of 1 copy available at LARL/NWRL Consortium.

Current holds

0 current holds with 1 total copy.

Show All Copies
Location Call Number / Copy Notes Barcode Shelving Location Status Due Date
Thief River Falls Public Library pb (Text) 35500005982754 Main Available -

Record details

  • ISBN: 9781455540815
  • ISBN: 1455540811
  • Physical Description: 334 pages ; 17 cm.
  • Edition: First edition.
  • Publisher: New York, New York : Forever, 2017.

Content descriptions

Summary, etc.:
A third installment in the best-selling Rocky ... Read More
Subject: First loves > Fiction.
Bull riders > Fiction.
Rodeo performers > Fiction.
Man-woman relationships > Fiction.
Colorado > Fiction.
Genre: Romance fiction.
Love stories.
LDR 01779cam a2200433Ii 4500
001274075
003LARL_NWRL_CONSORTIUM
00520171218214805.0
008170410t20172017nyu 000 1 eng d
040 . ‡aBTCTA ‡beng ‡erda ‡cBTCTA ‡dYDX ‡dBDX ‡dIEP ‡dIUK ‡dNRG
019 . ‡a982161214 ‡a982222697 ‡a982352798 ‡a982394554 ‡a982532382 ‡a982739678 ‡a982987755 ‡a983316411
020 . ‡a9781455540815 ‡q(paperback)
020 . ‡a1455540811 ‡q(paperback)
035 . ‡a(OCoLC)982093401 ‡z(OCoLC)982161214 ‡z(OCoLC)982222697 ‡z(OCoLC)982352798 ‡z(OCoLC)982394554 ‡z(OCoLC)982532382 ‡z(OCoLC)982739678 ‡z(OCoLC)982987755 ‡z(OCoLC)983316411
08204. ‡a813/.6 ‡223
049 . ‡aNRGA
1001 . ‡aRichardson, Sara ‡c(Romance fiction writer) ‡0(LARL_NWRL_CONSORTIUM)221991
24510. ‡aRenegade cowboy ‡n#3 / ‡cSara Richardson.
250 . ‡aFirst edition.
264 1. ‡aNew York, New York : ‡bForever, ‡c2017.
264 4. ‡c©2017
300 . ‡a334 pages ; ‡c17 cm.
336 . ‡atext ‡btxt ‡2rdacontent
337 . ‡aunmediated ‡bn ‡2rdamedia
338 . ‡avolume ‡bnc ‡2rdacarrier
4900 . ‡aRocky Mountain riders ; ‡v3
520 . ‡aA third installment in the best-selling Rocky Mountain Riders series features ruggedly sexy bull-riding brothers who are searching for the right women to tame their wild hearts.
650 0. ‡aFirst loves ‡vFiction. ‡0(LARL_NWRL_CONSORTIUM)165008
650 0. ‡aBull riders ‡vFiction.
650 0. ‡aRodeo performers ‡vFiction. ‡0(LARL_NWRL_CONSORTIUM)174734
650 0. ‡aMan-woman relationships ‡vFiction. ‡0(LARL_NWRL_CONSORTIUM)165985
651 0. ‡aColorado ‡vFiction. ‡0(LARL_NWRL_CONSORTIUM)164053
655 7. ‡aRomance fiction. ‡2lcgft
655 7. ‡aLove stories. ‡2gsafd
905 . ‡ubacont
901 . ‡a274075 ‡b ‡c274075 ‡tbiblio ‡soclc

Additional Resources